Dall'alto del Monte Oliveto (Record n. 37936)
[ formato base ]
| 000 -LEADER | |
|---|---|
| fixed length control field | 00931nam a22001817a 4500 |
| 003 - CONTROL NUMBER IDENTIFIER | |
| control field | IT-RoPau |
| 005 - DATE AND TIME OF LATEST TRANSACTION | |
| control field | 20220918175939.0 |
| 008 - FIXED-LENGTH DATA ELEMENTS--GENERAL INFORMATION | |
| fixed length control field | 130201b xxu||||| |||| 00| 0 eng d |
| 040 ## - CATALOGING SOURCE | |
| Transcribing agency | IT-RoPau |
| 100 ## - MAIN ENTRY--PERSONAL NAME | |
| Personal name | Chiesa, Francesco |
| 9 (RLIN) | 331 |
| 245 ## - TITLE STATEMENT | |
| Title | Dall'alto del Monte Oliveto |
| Remainder of title | (Lezioni di Religione) |
| 250 ## - EDITION STATEMENT | |
| Edition statement | I |
| 260 ## - PUBLICATION, DISTRIBUTION, ETC. (IMPRINT) | |
| Place of publication, distribution, etc. | Alba |
| Name of publisher, distributor, etc. | PSSP |
| Date of publication, distribution, etc. | 1928 |
| 300 ## - PHYSICAL DESCRIPTION | |
| Extent | 299 p. |
| Dimensions | 18,5 cm |
| 490 ## - SERIES STATEMENT | |
| Volume/sequential designation | I |
| 520 ## - SUMMARY, ETC. | |
| Summary, etc. | Indice<br/><br/>Prefazione<br/><br/>Lezione I. Quadro sintetico della storia universale<br/> >> II. Credo e fede<br/> >> III. L'arca della salute<br/> >> IV. Morale<br/> >> V. Comandamenti e precetti<br/> >> VI. Grazia<br/> >> VII. Miracolo perenne<br/> >> VIII. Liturgia<br/> >> IX. Arte sacra<br/> >> X. Storia sacra<br/> >> XI. Storia ecclesiastica<br/> >> XII. L'avvenire della Chiesa nella visione<br/> apocalittica di S. Giovanni |
| 942 ## - ADDED ENTRY ELEMENTS (KOHA) | |
| Source of classification or shelving scheme | Dewey Decimal Classification |
| Koha item type | LIBRO |
| Withdrawn status | Lost status | Source of classification or shelving scheme | Damaged status | Not for loan | Home library | Current library | Date acquired | Total Checkouts | Full call number | Date last seen | Price effective from | Koha item type |
|---|---|---|---|---|---|---|---|---|---|---|---|---|
| Dewey Decimal Classification | Buone Condizioni | Not For Loan | PAULUS-BIBLIOTECA | PAULUS-BIBLIOTECA | 01/02/2013 | P B5 | 01/02/2013 | 01/02/2013 | LIBRO |